000 00808nam a2200241Ia 4500
003 OSt
005 20230811015410.0
008 230728t1987||||xx |||||||||||||| ||und||
040 _aODONTO
_bspa
_cODONTO
_dODONTO
041 _aspa
082 _a612 G992f:6
100 1 _aGuyton, Arthur C.
_92208
245 0 _aFisiología humana /
_cArthur C. Guyton ; tr. Santiago Sapiña Renard. --
250 _a6 ed. --
260 _aMéxico :
_bInteramericana,
_c1987.
300 _avii, 704 p. :
_bil. ;
_c25 cm.
500 _aTítulo original en inglés: Physiology of the human body
504 _aBibliografía: al final de cada capítulo.
650 0 2 _aFisiología humana
_9432
650 0 2 _aPsicofisiología
_91086
650 0 2 _aMecánica humana
_91085
942 _aBiblioteca de Odontología
_cBK
_k612 G992f:6
_2ddc
999 _c2018
_d2018